000 00649nam a22001937a 4500
003 BUBTL
008 200128b xxu||||| |||| 00| 0 eng d
020 _a9789350403051
082 _a891.443/ M2891k/ 2015
100 _92326
_aমজুমদার, সমরেশ
245 _aকালবেলা /
_cসমরেশ মজুমদার
250 _a2nd edn.
260 _aকলকাতা :
_bআনন্দ পাবলিশার্স,
_cc2015.
300 _a631 p. :
_c21 cm.
650 0 _91687
_aবাংলা সাহিত্য
856 _k0
_l0
_yDownload
942 _2ddc
_cBK
999 _c6260
_d6260